| 000 | 00475nam a2200193Ia 4500 | ||
|---|---|---|---|
| 008 | 240510s9999 xx 000 0 und d | ||
| 020 | _a0003790814172 | ||
| 041 | _aEng | ||
| 082 | _a006.32 | ||
| 082 | _bS23 | ||
| 100 | _aSeiffert, U.: Jain, L.C.: | ||
| 245 | 0 | _aSelf-Organizing Neural Networks : Studies in Fuzziness and Soft Computing | |
| 260 | _bSpringer: | ||
| 260 | _c2002 | ||
| 300 | _a278 p. | ||
| 650 | _aNeural Networks | ||
| 942 | _2ddc | ||
| 942 | _cRBK | ||
| 999 |
_c27758 _d27758 |
||
| 945 |
_a1 _bMadushi Gamage _c1 _dMadushi Gamage |
||